Alle Teilnehmer bei Quadball-Weltmeisterschaften - Statistiken

Allgemein
  • Dieses Quiz wurde 20 mal gespielt
  • Das Durchschnittsergebnis liegt bei 24 aus 33
Antwortstatistiken
Teilnahmen Beste Platzierung Nation/Verbund % Korrekt
3 2. Platz Deutschland
100%
1 11. Platz Japan
100%
5 3. Platz Kanada
100%
3 9. Platz Norwegen
100%
5 Sieger Vereinigte Staaten
100%
5 Sieger Australien
95%
3 9. Platz Brasilien
95%
1 28. Platz Finnland
95%
5 2. Platz Frankreich
95%
2 8. Platz Italien
95%
2 10. Platz Spanien
95%
4 5. Platz Mexiko
89%
1 20. Platz Neuseeland
89%
2 13. Platz Polen
89%
2 20. Platz Irland
84%
2 18. Platz Niederlande
84%
3 11. Platz Österreich
79%
1 23. Platz Schweiz
79%
4 2. Platz Belgien
74%
2 21. Platz Südkorea
74%
2 3. Platz Türkei
74%
1 9. Platz Indien
68%
1 29. Platz Island
68%
2 17. Platz Slowakei
68%
2 15. Platz Slowenien
63%
1 15. Platz Tschechien
58%
1 4. Platz England
53%
1 18. Platz Malaysia
47%
4 3. Platz Vereinigtes Königreich
47%
1 15. Platz Vietnam
32%
2 13. Platz Hongkong
16%
1 5. Platz Afrikanische Nationen
5%
2 12. Platz Katalonien
5%
Keine übereinstimmenden Quizze gefunden
Verteilung der Resultate
Anzahl Personen mit jedem Resultat
Perzentil nach korrekt beantworteten Fragen
Ihre Resultats-Entwicklung
Sie haben dieses Quiz noch nicht gespielt